La economía argentina (Registro nro. 2829)

Detalles MARC
000 -LEADER
fixed length control field 01131 a2200337 4500
001 - CONTROL NUMBER
control field 37881
005 - DATE AND TIME OF LATEST TRANSACTION
control field 20260407155645.0
008 - FIXED-LENGTH DATA ELEMENTS--GENERAL INFORMATION
fixed length control field 260407a1977 arg spa d
003 - CONTROL NUMBER IDENTIFIER
control field AR-UNSa-BCEJYS
040 ## - CATALOGING SOURCE
Original cataloging agency AR-UNSa-BCEJYS
Language of cataloging spa
Transcribing agency AR-UNSa-BCEJYS
080 ## - UNIVERSAL DECIMAL CLASSIFICATION NUMBER
Universal Decimal Classification number 330(82)
Common auxiliary subdivision Economia Argentina
041 ## - LANGUAGE CODE
Language code of text/sound track or separate title spa
100 1# - MAIN ENTRY--PERSONAL NAME
Personal name Ferrer, Aldo
245 10 - TITLE STATEMENT
Title La economía argentina
264 #1 - PRODUCTION, PUBLICATION, DISTRIBUTION, MANUFACTURE, AND COPYRIGHT NOTICE
Place of production, publication, distribution, manufacture Buenos Aires :
Name of producer, publisher, distributor, manufacturer Editorial de Belgrano
Date of production, publication, distribution, manufacture, or copyright notice 1977
300 ## - PHYSICAL DESCRIPTION
Extent 266 p.
Dimensions 20 cm.
505 ## - FORMATTED CONTENTS NOTE
Formatted contents note 1. Finanzas internacionales - 2. Las empresas públicas - 3. Función de las industrias básicas - 4. La inversión extranjera - 5. Economía y tecnología - 6. El régimen fiscal - 7. El manejo de la moneda
590 ## - LOCAL NOTE (RLIN)
Local note niveau_biblio:m niveau_hierar:0
700 1# - ADDED ENTRY--PERSONAL NAME
Personal name San Miguel, Manuel
700 1# - ADDED ENTRY--PERSONAL NAME
Personal name Alemann, Roberto T.
700 1# - ADDED ENTRY--PERSONAL NAME
Personal name Licciardo, Cayetano Antonio
700 1# - ADDED ENTRY--PERSONAL NAME
Personal name Frigerio, Rogelio
700 1# - ADDED ENTRY--PERSONAL NAME
Personal name San Martín, Salvador
700 1# - ADDED ENTRY--PERSONAL NAME
Personal name Oria, Jorge S.
700 1# - ADDED ENTRY--PERSONAL NAME
Personal name Benchetrit, Marcelo
700 1# - ADDED ENTRY--PERSONAL NAME
Personal name Katz, Jorge M.
700 1# - ADDED ENTRY--PERSONAL NAME
Personal name Bosch, Horacio
700 1# - ADDED ENTRY--PERSONAL NAME
Personal name Cuello, Raúl E.
700 1# - ADDED ENTRY--PERSONAL NAME
Personal name de la Vega, Carlos
942 ## - ADDED ENTRY ELEMENTS (KOHA)
Koha item type
Existencias
Withdrawn status Lost status Damaged status Not for loan Home library Current library Shelving location Date acquired Total checkouts Full call number Barcode Date last seen Price effective from Koha item type
        Biblioteca Prof. Eusebio Cleto del Rey Biblioteca Prof. Eusebio Cleto del Rey   07/04/2026   338 E19 L125674 07/04/2026 07/04/2026 Libro